[Event "IECC P-4465"]
[Site "IECC email"]
[Date "2008.07.23"]
[Round "?"]
[White "Cumiskey, Rob"]
[Black "Corallo, John"]
[Result "1-0"]
[WhiteElo "1627"]
[BlackElo "1184"]
[PlyCount "41"]
[EventDate "2008.??.??"]
[EventType "match (corr)"]
[SourceTitle "Corr 2013"]
[Source "ChessBase"]
[SourceDate "2012.11.12"]
[SourceVersion "1"]
[SourceVersionDate "2012.11.12"]
[SourceQuality "1"]
[WhiteTeam "US of America"]
[BlackTeam "Australia"]
[WhiteTeamCountry "USA"]
[BlackTeamCountry "AUS"]

1. d4 Nf6 2. c4 g6 3. Nc3 Bg7 4. e4 d6 5. Nf3 0-0 6. Be2 e5 7. 0-0 exd4 8. Nxd4 Re8 9. f3 Nc6 10. Be3 Be6 11. Nxe6 Rxe6 12. Nd5 Nh5 13. Qd2 Ne7 14. g4 Nf6 15. Nf4 Re5 16. Bd4 Nxe4 17. fxe4 Rxe4 18. Bxg7 Kxg7 19. Qc3+ Kg8 20. Qf3 Re5 21. Nd3 1-0

[Event "IECC CL6-2007.16 email"]
[Site "IECC email"]
[Date "2007.12.07"]
[Round "?"]
[White "Alessandrini, Alfredo"]
[Black "Corallo, John"]
[Result "1-0"]
[WhiteElo "1278"]
[BlackElo "1195"]
[PlyCount "63"]
[EventDate "2007.??.??"]
[EventType "tourn (corr)"]
[EventRounds "4"]
[SourceTitle "Corr 2020"]
[Source "ChessBase"]
[SourceDate "2019.09.30"]
[SourceVersion "1"]
[SourceVersionDate "2019.09.30"]
[SourceQuality "1"]
[WhiteTeam "Italy"]
[BlackTeam "England"]
[WhiteTeamCountry "ITA"]
[BlackTeamCountry "ENG"]

1. e4 e5 2. Nf3 Nc6 3. d4 exd4 4. Nxd4 Bc5 5. Be3 Qf6 6. c3 Nge7 7. Bc4 Ne5 8. Bb3 Qg6 9. 0-0 d6 10. f3 Bh3 11. Rf2 Bd7 12. Nd2 b5 13. Qc2 a5 14. a3 0-0 15. Nf1 Kh8 16. Ng3 f5 17. Ndxf5 Nxf5 18. exf5 Bxf5 19. Nxf5 Rxf5 20. Bxc5 dxc5 21. Bd5 Raf8 22. Be4 Qg5 23. Bxf5 Rxf5 24. f4 Rxf4 25. Rxf4 Qxf4 26. Qe2 h6 27. Rf1 Qg5 28. h4 Qe7 29. Re1 Nf3+ 30. gxf3 Qxh4 31. Qe8+ Kh7 32. Qe4+ 1-0

[Event "P-4374"]
[Site "IECC email"]
[Date "2007.10.01"]
[Round "?"]
[White "Corallo, John"]
[Black "Mcshane, Mike"]
[Result "1-0"]
[WhiteElo "1203"]
[BlackElo "1302"]
[PlyCount "67"]
[EventDate "2007.??.??"]
[EventType "tourn (corr)"]
[SourceTitle "Corr 2020"]
[Source "ChessBase"]
[SourceDate "2019.09.30"]
[SourceVersion "1"]
[SourceVersionDate "2019.09.30"]
[SourceQuality "1"]
[WhiteTeam "England"]
[BlackTeam "United States"]
[WhiteTeamCountry "ENG"]
[BlackTeamCountry "USA"]

1. e4 e6 2. d4 d5 3. e5 c5 4. c3 Nc6 5. Nf3 Nge7 6. Bd3 Bd7 7. 0-0 Nf5 8. Nbd2 Be7 9. c4 0-0 10. Bxf5 exf5 11. cxd5 Nb4 12. d6 Bg5 13. Nxg5 Qxg5 14. Nb3 Qd8 15. dxc5 Rc8 16. a3 Nc6 17. Bf4 Re8 18. Nc1 Nxe5 19. b4 Bb5 20. Bxe5 Rxe5 21. Re1 Qe8 22. Nb3 Rd8 23. Nd4 Bd7 24. f4 Re3 25. Qd2 Re4 26. Re2 Rxe2 27. Nxe2 Qe4 28. Nc3 Qe6 29. Nd5 Re8 30. Nc7 Qe3+ 31. Qxe3 Rxe3 32. Kf2 Re4 33. g3 h6 34. Re1 1-0

[Event "IECG OP.2007.0.00226 email"]
[Site "IECG email"]
[Date "2007.01.18"]
[Round "?"]
[White "Corallo, John"]
[Black "Nash, Chris"]
[Result "1-0"]
[WhiteElo "1038"]
[BlackElo "1105"]
[PlyCount "123"]
[EventDate "2007.01.18"]
[EventType "tourn (corr)"]
[EventRounds "6"]
[SourceTitle "Corr 2008"]
[Source "ChessBase"]
[SourceDate "2008.06.24"]
[SourceVersion "1"]
[SourceVersionDate "2008.06.24"]
[SourceQuality "1"]

1. e4 e5 2. Nf3 Nc6 3. Nc3 Nf6 4. Bb5 d6 5. d4 exd4 6. Nxd4 Bd7 7. 0-0 Ne5 8. Bg5 Be7 9. Bxd7+ Nexd7 10. Re1 0-0 11. Nf5 g6 12. Nxe7+ Qxe7 13. Nd5 Qd8 14. Nxf6+ Nxf6 15. e5 dxe5 16. Qxd8 Rfxd8 17. Bxf6 Rd2 18. Rxe5 Rxc2 19. Rae1 Kf8 20. R5e2 Rc6 21. Be7+ Kg7 22. Bb4 a5 23. Bc3+ Kf8 24. Rd2 b5 25. Rd7 b4 26. Bd2 Rd6 27. Bh6+ Kg8 28. Rxc7 g5 29. Bxg5 h6 30. Bf4 Rf6 31. g3 Kh7 32. Ree7 Kg6 33. h4 h5 34. Bg5 Rf5 35. Kg2 a4 36. f4 Ra6 37. Kf3 b3 38. a3 Rd6 39. Ke3 Rd1 40. Ke2 Rb1 41. Rc6+ Kh7 42. Bf6 Kg6 43. Bc3+ Kh7 44. Re8 f6 45. Re7+ Kg6 46. Rcc7 Rd5 47. Ke3 Kf5 48. Rh7 Kg4 49. Kf2 Kh3 50. Rcd7 Rc5 51. Rhe7 Rh1 52. Re3 Rh2+ 53. Kf3 Rc6 54. f5 Rg2 55. Kf4 Rc4+ 56. Rd4 Rf2+ 57. Rf3 Rxf3+ 58. Kxf3 Rc5 59. Kf4 Re5 60. Re4 Rxe4+ 61. Kxe4 Kxg3 62. Bxf6 1-0

[Event "IECG RL.2006.0.00050"]
[Site "IECG email"]
[Date "2006.07.14"]
[Round "?"]
[White "Corallo, John"]
[Black "Nemutlu, Murat"]
[Result "0-1"]
[WhiteElo "1085"]
[BlackElo "1490"]
[PlyCount "56"]
[EventDate "2006.07.14"]
[EventType "tourn (corr)"]
[EventRounds "6"]
[SourceTitle "Corr 2008"]
[Source "ChessBase"]
[SourceDate "2008.06.24"]
[SourceVersion "1"]
[SourceVersionDate "2008.06.24"]
[SourceQuality "1"]

1. e4 e5 2. Nf3 Nc6 3. Nc3 Nf6 4. Bb5 Bb4 5. d3 Qe7 6. 0-0 0-0 7. Bg5 Bxc3 8. bxc3 Nd8 9. d4 d6 10. a4 Ne6 11. Qd2 Nxg5 12. Nxg5 h6 13. Nf3 Nxe4 14. Qe3 exd4 15. cxd4 d5 16. Rfe1 Bf5 17. Bd3 Qf6 18. Ne5 c5 19. Bxe4 cxd4 20. Qg3 dxe4 21. Rab1 Rfe8 22. Ng4 Qe6 23. Nxh6+ Qxh6 24. Rxb7 Qg6 25. Qc7 Bh3 26. g3 Qf6 27. Rxa7 Rxa7 28. Qxa7 Qf3 0-1

[Event "IECG TG.2006.0.15592"]
[Site "IECG email"]
[Date "2006.07.10"]
[Round "2"]
[White "Corallo, John"]
[Black "Webb, Ian"]
[Result "0-1"]
[WhiteElo "1119"]
[BlackElo "1164"]
[PlyCount "42"]
[EventDate "2006.04.08"]
[EventType "match (corr)"]
[EventRounds "2"]
[SourceTitle "Corr 2008"]
[Source "ChessBase"]
[SourceDate "2008.06.24"]
[SourceVersion "1"]
[SourceVersionDate "2008.06.24"]
[SourceQuality "1"]

1. e4 c6 2. d4 d5 3. Nc3 dxe4 4. Nxe4 Nf6 5. Bd3 Qxd4 6. Nf3 Qd8 7. 0-0 Nxe4 8. Bxe4 Qxd1 9. Rxd1 f6 10. Nd4 e5 11. Bf5 Bxf5 12. Nxf5 g6 13. Nd6+ Bxd6 14. Rxd6 Ke7 15. Rd3 Na6 16. Be3 b6 17. Rad1 Ke8 18. Rd6 Nb4 19. Rxf6 Nxc2 20. Rdd6 Nxe3 21. fxe3 c5 0-1

[Event "IECG RL.2006.0.00044"]
[Site "IECG email"]
[Date "2006.04.29"]
[Round "?"]
[White "Krupikov, Andrey Viktorovich"]
[Black "Corallo, John"]
[Result "1-0"]
[WhiteElo "1517"]
[BlackElo "1124"]
[PlyCount "35"]
[EventDate "2006.04.29"]
[EventType "tourn (corr)"]
[EventRounds "6"]
[SourceTitle "Corr 2008"]
[Source "ChessBase"]
[SourceDate "2008.06.24"]
[SourceVersion "1"]
[SourceVersionDate "2008.06.24"]
[SourceQuality "1"]

1. e4 e5 2. Nc3 Nc6 3. f4 Bc5 4. fxe5 Bd4 5. Nf3 Bxe5 6. Nxe5 Nxe5 7. d4 Ng6 8. Qf3 d6 9. Bb5+ Bd7 10. 0-0 Qf6 11. Bxd7+ Kxd7 12. Qg4+ Qe6 13. Rxf7+ N8e7 14. Qxe6+ Kxe6 15. Rxg7 Kf6 16. Bh6 Nh4 17. Rf1+ Ke6 18. Bg5 1-0

[Event "IECG OP.2006.0.00011"]
[Site "IECG email"]
[Date "2006.04.16"]
[Round "?"]
[White "Corallo, John"]
[Black "Hughes, Peter James"]
[Result "1-0"]
[WhiteElo "1120"]
[BlackElo "862"]
[PlyCount "45"]
[EventDate "2006.04.16"]
[EventType "tourn (corr)"]
[EventRounds "6"]
[SourceTitle "Corr 2008"]
[Source "ChessBase"]
[SourceDate "2008.06.24"]
[SourceVersion "1"]
[SourceVersionDate "2008.06.24"]
[SourceQuality "1"]

1. e4 Nc6 2. Nf3 d6 3. d4 Nf6 4. Nc3 Bg4 5. Bb5 a6 6. Ba4 b5 7. Bb3 Bxf3 8. Qxf3 Nxd4 9. Qd3 e5 10. 0-0 Be7 11. f4 0-0 12. f5 c5 13. Bd5 c4 14. Qg3 Rb8 15. Bh6 g6 16. Bxf8 Bxf8 17. fxg6 hxg6 18. Rf2 Qb6 19. Kh1 Kg7 20. Raf1 Be7 21. Qg5 Nxe4 22. Rxf7+ Kh8 23. Qh6+ 1-0

[Event "IECC CL6-2006.04 email"]
[Site "IECC email"]
[Date "2006.03.27"]
[Round "?"]
[White "Corallo, John"]
[Black "Alessandrini, Alfredo"]
[Result "1-0"]
[WhiteElo "1190"]
[BlackElo "1383"]
[PlyCount "47"]
[EventDate "2006.??.??"]
[EventType "tourn (corr)"]
[EventRounds "4"]
[SourceTitle "Corr 2020"]
[Source "ChessBase"]
[SourceDate "2019.09.30"]
[SourceVersion "1"]
[SourceVersionDate "2019.09.30"]
[SourceQuality "1"]
[WhiteTeam "England"]
[BlackTeam "Italy"]
[WhiteTeamCountry "ENG"]
[BlackTeamCountry "ITA"]

1. e4 e5 2. Nf3 Nc6 3. Nc3 Nf6 4. Bb5 Bb4 5. 0-0 0-0 6. d3 d6 7. Bg5 h6 8. Bd2 Bd7 9. Bxc6 Bxc6 10. Nh4 Bxc3 11. Bxc3 Nxe4 12. dxe4 Bxe4 13. Nf3 Qf6 14. Qe2 Bxf3 15. Qxf3 Qxf3 16. gxf3 Rae8 17. Kh1 Re6 18. Rg1 d5 19. Rg4 d4 20. Bd2 f5 21. Rg2 Rb6 22. b3 Rc6 23. Rag1 e4 24. Rxg7+ 1-0

[Event "CFriend SL-2004-0-00021 email"]
[Site "Chessfriend.com"]
[Date "2004.07.13"]
[Round "1"]
[White "Corallo, John"]
[Black "Willoughby, Peter"]
[Result "0-1"]
[WhiteElo "1120"]
[BlackElo "1706"]
[PlyCount "58"]
[EventDate "2004.??.??"]
[EventType "tourn (corr)"]
[EventRounds "12"]
[SourceTitle "Corr 2008"]
[Source "ChessBase"]
[SourceDate "2008.06.24"]
[SourceVersion "1"]
[SourceVersionDate "2008.06.24"]
[SourceQuality "1"]

1. e4 c5 2. Nf3 Nc6 3. Bb5 g6 4. 0-0 Bg7 5. c3 Nf6 6. Qe2 0-0 7. d4 cxd4 8. Nxd4 a6 9. Bc4 b5 10. Bb3 Bb7 11. e5 Nxe5 12. Qxe5 Ne4 13. Qf4 e5 14. Qe3 exd4 15. cxd4 Re8 16. Qf3 Qe7 17. Be3 Nc5 18. Qd1 Qe4 19. Qf3 Qxf3 20. gxf3 Nxb3 21. axb3 Bxf3 22. Nd2 Bb7 23. b4 Bf8 24. Rad1 Bxb4 25. Nb3 Re4 26. h3 Rh4 27. Kh2 Bf3 28. Rc1 Bd6+ 29. Kg1 Rxh3 0-1

[Event "IECC CL6-2004.11 email"]
[Site "IECC email"]
[Date "2004.05.13"]
[Round "?"]
[White "Nash, Chris"]
[Black "Corallo, John"]
[Result "1-0"]
[WhiteElo "1239"]
[BlackElo "1218"]
[PlyCount "85"]
[EventDate "2004.??.??"]
[EventType "tourn (corr)"]
[EventRounds "4"]
[SourceTitle "Corr 2008"]
[Source "ChessBase"]
[SourceDate "2008.06.24"]
[SourceVersion "1"]
[SourceVersionDate "2008.06.24"]
[SourceQuality "1"]

1. e4 e5 2. Nf3 Nc6 3. Bb5 a6 4. Ba4 Nf6 5. 0-0 Be7 6. Re1 b5 7. Bb3 Bc5 8. c3 d6 9. d4 Bb6 10. d5 Ne7 11. Bg5 Ng6 12. a4 h6 13. Bxf6 Qxf6 14. axb5 0-0 15. Qe2 Nf4 16. Qf1 Qg6 17. Kh1 Bd7 18. bxa6 Bb5 19. c4 Bxa6 20. g3 Qg4 21. Nbd2 Nh3 22. Re2 f5 23. Nh4 fxe4 24. Nxe4 Ng5 25. Nxg5 hxg5 26. f3 Qh5 27. Nf5 Qf7 28. g4 Kh8 29. Qh3+ Kg8 30. Rc2 Bxc4 31. Rxa8 Rxa8 32. Bxc4 Ra1+ 33. Bf1 Qe8 34. Ng3 Qb5 35. Kg2 Qb3 36. Rd2 Qe3 37. Qh5 Qxd2+ 38. Kh3 Qf4 39. Bd3 Kf8 40. Qh8+ Kf7 41. Bg6+ Kxg6 42. Qh5+ Kf6 43. Qe8 1-0

[Event "IECG TE.2004.P.01415 email"]
[Site "IECG email"]
[Date "2004.03.17"]
[Round "?"]
[White "Corallo, John"]
[Black "Pereira, Prashant"]
[Result "1-0"]
[WhiteElo "1178"]
[BlackElo "1249"]
[PlyCount "73"]
[EventDate "2004.03.17"]
[EventType "tourn (corr)"]
[EventRounds "8"]
[SourceTitle "Corr 2008"]
[Source "ChessBase"]
[SourceDate "2008.06.24"]
[SourceVersion "1"]
[SourceVersionDate "2008.06.24"]
[SourceQuality "1"]

1. d4 Nf6 2. c4 e6 3. Nc3 Bb4 4. f3 d5 5. a3 Bxc3+ 6. bxc3 0-0 7. Bg5 c6 8. e3 Nbd7 9. Nh3 Qa5 10. Qc2 Re8 11. Bd3 dxc4 12. Bxc4 b5 13. Bd3 c5 14. dxc5 Bb7 15. a4 bxa4 16. Rxa4 Qxc5 17. 0-0 Nb6 18. Rh4 Nbd5 19. Bxh7+ Kf8 20. Kf2 Qxc3 21. Rb1 Qxc2+ 22. Bxc2 Bc6 23. Rc1 Bb5 24. e4 Nb4 25. e5 Nbd5 26. exf6 Nxf6 27. Bxf6 gxf6 28. Nf4 Rac8 29. Ne2 Red8 30. Rh8+ Ke7 31. Rxd8 Rxd8 32. Nf4 a5 33. h4 Rd2+ 34. Ke3 Rd6 35. h5 f5 36. h6 Rd8 37. Rb1 1-0

[Event "IECG TE.2004.P.01415 email"]
[Site "IECG email"]
[Date "2004.03.17"]
[Round "?"]
[White "Corallo, John"]
[Black "Theeravanvilai, Prasert"]
[Result "0-1"]
[WhiteElo "1178"]
[BlackElo "1500"]
[PlyCount "50"]
[EventDate "2004.03.17"]
[EventType "tourn (corr)"]
[EventRounds "8"]
[SourceTitle "Corr 2008"]
[Source "ChessBase"]
[SourceDate "2008.06.24"]
[SourceVersion "1"]
[SourceVersionDate "2008.06.24"]
[SourceQuality "1"]

1. d4 Nf6 2. c4 e6 3. Nc3 Bb4 4. f3 Bxc3+ 5. bxc3 d5 6. e3 Nc6 7. Ba3 dxc4 8. Bxc4 b6 9. e4 Bb7 10. Ne2 Na5 11. Bd3 Qd7 12. Qc2 0-0-0 13. Rb1 Kb8 14. e5 Nd5 15. Kf2 h5 16. c4 Nf4 17. Ke3 Nxd3 18. Qxd3 g5 19. h3 Nc6 20. g4 Nxe5 21. Qd1 Nxc4+ 22. Kf2 Nxa3 23. Rb4 Qc6 24. Qb3 hxg4 25. fxg4 Qxh1 0-1

[Event "IECG TE.2004.P.01415 email"]
[Site "IECG email"]
[Date "2004.03.17"]
[Round "?"]
[White "Karlsson, Patrik"]
[Black "Corallo, John"]
[Result "1-0"]
[WhiteElo "1963"]
[BlackElo "1178"]
[PlyCount "30"]
[EventDate "2004.03.17"]
[EventType "tourn (corr)"]
[EventRounds "8"]
[SourceTitle "Corr 2008"]
[Source "ChessBase"]
[SourceDate "2008.06.24"]
[SourceVersion "1"]
[SourceVersionDate "2008.06.24"]
[SourceQuality "1"]

1. d4 Nf6 2. c4 e6 3. Nc3 Bb4 4. f3 0-0 5. e4 d5 6. e5 Nfd7 7. cxd5 exd5 8. a3 Ba5 9. b4 Bb6 10. f4 Nc6 11. Nf3 Ne7 12. Bd3 Ng6 13. h4 Bxd4 14. Nxd4 Nxh4 15. Bxh7+ Kxh7 1-0

[Event "IECG TE.2004.P.01415 email"]
[Site "IECG email"]
[Date "2004.03.17"]
[Round "?"]
[White "Pereira, Prashant"]
[Black "Corallo, John"]
[Result "0-1"]
[WhiteElo "1249"]
[BlackElo "1178"]
[PlyCount "62"]
[EventDate "2004.03.17"]
[EventType "tourn (corr)"]
[EventRounds "8"]
[SourceTitle "Corr 2008"]
[Source "ChessBase"]
[SourceDate "2008.06.24"]
[SourceVersion "1"]
[SourceVersionDate "2008.06.24"]
[SourceQuality "1"]

1. d4 Nf6 2. c4 e6 3. Nc3 Bb4 4. f3 0-0 5. Qc2 Nc6 6. e3 d5 7. Bd3 e5 8. cxd5 Nxd5 9. Bd2 f5 10. Nge2 exd4 11. exd4 Bxc3 12. Bxc3 Ne3 13. Qb3+ Kh8 14. Kf2 Qg5 15. Rhg1 f4 16. Ke1 Qh4+ 17. Kd2 a5 18. a4 b6 19. Be4 Bd7 20. d5 Nb4 21. Rac1 b5 22. Bxb4 bxa4 23. Qc3 axb4 24. Qxb4 Rfb8 25. Qd4 Qd8 26. Nxf4 Rb3 27. Nd3 a3 28. bxa3 Nf5 29. Qe5 Nd6 30. Rge1 Bb5 31. Nc5 Nc4+ 0-1

[Event "IECG TE.2004.P.01415 email"]
[Site "IECG email"]
[Date "2004.03.17"]
[Round "?"]
[White "Theeravanvilai, Prasert"]
[Black "Corallo, John"]
[Result "0-1"]
[WhiteElo "1500"]
[BlackElo "1178"]
[PlyCount "56"]
[EventDate "2004.03.17"]
[EventType "tourn (corr)"]
[EventRounds "8"]
[SourceTitle "Corr 2008"]
[Source "ChessBase"]
[SourceDate "2008.06.24"]
[SourceVersion "1"]
[SourceVersionDate "2008.06.24"]
[SourceQuality "1"]

1. d4 Nf6 2. c4 e6 3. Nc3 Bb4 4. f3 0-0 5. Bd2 d5 6. a3 Be7 7. cxd5 exd5 8. Bf4 a6 9. e3 Bf5 10. Bd3 Qd7 11. Nge2 Nc6 12. Bxf5 Qxf5 13. 0-0 Qd7 14. b4 b5 15. Qb3 Bd6 16. Nxd5 Bxf4 17. Nxf6+ gxf6 18. exf4 Ne7 19. Rad1 Nd5 20. g3 Kh8 21. Kg2 Rae8 22. Rd3 Rxe2+ 23. Rf2 Qe6 24. Rxe2 Qxe2+ 25. Kh3 Rg8 26. Qd1 Nxf4+ 27. gxf4 Qg2+ 28. Kh4 Qxh2# 0-1

[Event "P-3583"]
[Site "IECC email"]
[Date "2004.01.01"]
[Round "?"]
[White "Corallo, John"]
[Black "Konkol, Eric"]
[Result "1-0"]
[WhiteElo "1180"]
[BlackElo "1601"]
[PlyCount "29"]
[EventDate "2004.??.??"]
[EventType "tourn (corr)"]
[SourceTitle "Corr 2020"]
[Source "ChessBase"]
[SourceDate "2019.09.30"]
[SourceVersion "1"]
[SourceVersionDate "2019.09.30"]
[SourceQuality "1"]
[WhiteTeam "England"]
[BlackTeam "United States"]
[WhiteTeamCountry "ENG"]
[BlackTeamCountry "USA"]

1. e4 c6 2. d4 d5 3. Nc3 dxe4 4. Nxe4 Bf5 5. Ng3 e6 6. Nf3 Nf6 7. Nxf5 exf5 8. Be2 Be7 9. 0-0 0-0 10. Re1 c5 11. c4 cxd4 12. a3 Nc6 13. b4 a6 14. b5 Na5 15. Nxd4 1-0

[Event "IECG CP.2003.P.00035 email"]
[Site "IECG email"]
[Date "2003.10.01"]
[Round "?"]
[White "Hynes, Thomas F"]
[Black "Corallo, John"]
[Result "1-0"]
[WhiteElo "1935"]
[BlackElo "1250"]
[PlyCount "71"]
[EventDate "2003.10.01"]
[EventType "tourn (corr)"]
[EventRounds "6"]
[EventCountry "FRA"]
[SourceTitle "Corr 2008"]
[Source "ChessBase"]
[SourceDate "2008.06.24"]
[SourceVersion "1"]
[SourceVersionDate "2008.06.24"]
[SourceQuality "1"]

1. e4 e5 2. Nf3 Nc6 3. Bb5 a6 4. Ba4 Nf6 5. 0-0 Be7 6. Re1 b5 7. Bb3 d6 8. c3 0-0 9. h3 Bb7 10. d4 Re8 11. Nbd2 Bf8 12. d5 Nb8 13. Nf1 Nbd7 14. Ng3 Nc5 15. Bc2 c6 16. b4 Ncd7 17. dxc6 Bxc6 18. Bb3 h6 19. Nh2 Nb6 20. Ng4 Nc4 21. a4 Nxg4 22. Qxg4 Bd7 23. Nf5 Kh7 24. axb5 axb5 25. Rxa8 Qxa8 26. Qf3 Be6 27. Bxc4 Bxc4 28. Ne3 Bd3 29. Nd5 Bxe4 30. Qxe4+ Kh8 31. c4 bxc4 32. Qxc4 Qb7 33. Be3 Rc8 34. Qd3 Be7 35. Ra1 Bd8 36. Ra7 1-0